| 000 | 01397nam a2200337 a 4500 | ||
|---|---|---|---|
| 001 | BRCA_3050 | ||
| 005 | 20190320204103.0 | ||
| 008 | 220109s1776----be-a---###---#000-0#fre-u | ||
| 041 | _afre | ||
| 044 | _abe | ||
| 084 |
_a355 _b.B3776 _c1776 |
||
| 100 | 1 |
_aCervantes Saavedra, Miguel de _d1547-1616 _9213 |
|
| 245 | 1 | 0 |
_aLes Principales Aventures de L´Admirable Don Quichote _cMiguel de Cervantes Saavedra. |
| 260 |
_aLieja _bJean-Francoise Bassompierre _c1776 |
||
| 300 |
_aviii, 356 p. _bil. _c29 cm. |
||
| 500 | _aContenido : Primera parte. Dedicatoria del librero. Advertencia. Láminas con el texto explicativo. Texto. Segunda parte. texto | ||
| 500 | _aEjemplar del todo igual al LO-354. Lomeras y tapas con decorados dorados Lúdovik Osterc | ||
| 500 | _aCon ex-libris de : Eden Hall | ||
| 500 | _aIncluye índice : de láminas (p. 355-356) | ||
| 500 | _aQM276 | ||
| 546 | _aTexto en : francés | ||
| 650 | 1 | 4 |
_aNovela española _yÉpoca clásica, 1500-1700 _9215 |
| 650 | 1 | 4 |
_aLiteratura española _yÉpoca clásica, 1500-1700 _9216 |
| 650 | 1 | 4 |
_aNovela española _ySiglo XVII _9217 |
| 650 | 1 | 4 |
_aDon Quijote (Personaje ficticio) _eNovela _9218 |
| 700 | 1 |
_aCoypel, Charles-Antoine _d1694-1752 _eIlustrador _98369 |
|
| 700 | 1 |
_aPicart Le Romain, Bernard _d1673-1733 _eIlustrador _98370 |
|
| 740 | 0 | _aEl Ingenioso Hidalgo Don Quijote de la Mancha | |
| 902 | _aQFM | ||
| 942 |
_2lcc _cB |
||
| 999 |
_c2786 _d2786 |
||